Avec Pierre RICHARD ... ou pas - Statistiques

Statistiques générales
  • Ce quiz a été pris 49 fois
  • Le résultat moyen est 12 sur 32
Answers on the Grid
Answers color-coded by a green-red scale on the quiz's grid according to % correct below.
Alexandre le bienheureux
(1968)
Le distrait
(1970)
Le grand blond avec une chaussure noire
(1972)
Je sais rien, mais je dirai tout
(1973)
La moutarde me monte au nez
(1974)
Le retour du grand blond
(1974)
La course à l'échalote
(1975)
On aura tout vu
(1976)
Le jouet
(1976)
Je suis timide mais je me soigne
(1978)
La carapate
(1978)
C'est pas moi, c'est lui
(1980)
Le coup du parapluie
(1980)
La chèvre
(1981)
Un chien dans un jeu de quilles
(1983)
Tout le monde il est beau, tout le monde il est gentil
(1972)
Le viager
(1972)
Les compères
(1983)
Les gaspards
(1974)
Le jumeau
(1984)
Les rois du gag
(1985)
Les fugitifs
(1986)
Mangeclous
(1988)
À gauche en sortant de l'ascenseur
(1988)
Pile ou face
(1980)
Vieille canaille
(1992)
Promotion canapé
(1990)
Mariées mais pas trop
(2003)
Le cactus
(2005)
Faubourg 36
(2008)
Et si on vivait tous ensemble ?
(2011)
Le petit Spirou
(2017)
Les vieux fourneaux
(2018)
Astérix et Obélix : L'Empire du Milieu
(2023)
Les vieux fourneaux 2 : bons pour l'asile
(2022)
La ch'tite famille
(2018)
Astérix et Obélix : au service de sa Majesté
(2012)
Elle cause plus... elle flingue
(1972)
C'est dur pour tout le monde
(1975)
Ça n'arrive qu'à moi (1985)
On a volé la cuisse de Jupiter
(1980)
Le roi des cons
(1981)
Le débutant
(1986)
Comment réussir quand on est con et pleurnichard
(1974)
Que la fête commence ...
(1975)
Dupont Lajoie
(1975)
Coup de torchon
(1981)
Pétrole ! Pétrole !
(1981)
Ursule et Grelu
(1974)
Le bal des casse-pieds
(1992)
 
Statistiques - réponses
Réponse % Correct
Les compères
(1983)
78%
Le grand blond avec une chaussure noire
(1972)
76%
La chèvre
(1981)
73%
Le jouet
(1976)
73%
Le retour du grand blond
(1974)
68%
Les fugitifs
(1986)
65%
Je suis timide mais je me soigne
(1978)
54%
La moutarde me monte au nez
(1974)
51%
Le distrait
(1970)
51%
Le coup du parapluie
(1980)
49%
Les vieux fourneaux
(2018)
49%
La course à l'échalote
(1975)
46%
Les vieux fourneaux 2 : bons pour l'asile
(2022)
41%
Je sais rien, mais je dirai tout
(1973)
38%
Un chien dans un jeu de quilles
(1983)
38%
La carapate
(1978)
35%
La ch'tite famille
(2018)
35%
Le jumeau
(1984)
35%
Le petit Spirou
(2017)
32%
Astérix et Obélix : L'Empire du Milieu
(2023)
30%
Alexandre le bienheureux
(1968)
27%
C'est pas moi, c'est lui
(1980)
24%
À gauche en sortant de l'ascenseur
(1988)
19%
Le cactus
(2005)
16%
Faubourg 36
(2008)
14%
Mangeclous
(1988)
14%
On aura tout vu
(1976)
14%
Et si on vivait tous ensemble ?
(2011)
11%
Vieille canaille
(1992)
11%
Mariées mais pas trop
(2003)
8%
Promotion canapé
(1990)
8%
Les rois du gag
(1985)
5%
Aucun quiz correspondant
Distribution des résultats
% des personnes avec chaque résultat
Percentile par nombre de réponses
Votre historique - résultats
Vous n’avez pas pris ce quiz